[Event "EU Union-ch U13 12th"]
[Site "Mureck"]
[Date "2014.07.31"]
[Round "2"]
[White "Schulze, Lara"]
[Black "Tonso, Liina"]
[Result "1/2-1/2"]
[WhiteElo "1770"]
[BlackElo "1491"]
[PlyCount "91"]
[EventDate "2014.07.30"]
[EventType "swiss"]
[EventRounds "9"]
[EventCountry "AUT"]
[SourceTitle "CBM 161 Extra"]
[Source "ChessBase"]
[SourceDate "2014.08.29"]
[SourceVersion "1"]
[SourceVersionDate "2014.08.29"]
[SourceQuality "1"]

1. d4 f5 2. c4 Nf6 3. Nf3 e6 4. Nc3 d5 5. Bf4 c6 6. e3 Bd6 7. Bxd6 Qxd6 8. Bd3 0-0 9. 0-0 Ne4 10. Nd2 Nd7 11. f3 Ng5 12. Qc2 g6 13. Nb3 Nf6 14. Qf2 Kg7 15. Qh4 Nf7 16. c5 Qc7 17. e4 Bd7 18. g4 Qf4 19. e5 Ng8 20. Rae1 Qg5 21. Qxg5 Nxg5 22. f4 Nh3+ 23. Kg2 fxg4 24. Kg3 h5 25. Nd1 Ne7 26. Ne3 Nf5+ 27. Nxf5+ gxf5 28. Kh4 b6 29. Rc1 Rfc8 30. Ba6 Rg8 31. a3 Rab8 32. Rc2 Kg6 33. Be2 Ra8 34. Ba6 Rab8 35. Bd3 b5 36. Nc1 b4 37. a4 a5 38. Nb3 Ra8 39. Nc1 Bc8 40. Nb3 Ba6 41. Bxa6 Rxa6 42. Nc1 Kh6 43. b3 Ra7 44. Ne2 Rag7 45. Ng3 Kg6 46. Rd2 1/2-1/2